|
|
|
|
| LEADER |
00000nam0a2200000 4500 |
| 001 |
50451 |
| 005 |
20231101211240.0 |
| 035 |
|
|
|a (RuTPU)RU\TPU\book\52831
|
| 090 |
|
|
|a 50451
|
| 100 |
|
|
|a 20030416d1968 km y0rusy50 ca
|
| 101 |
0 |
|
|a rus
|
| 102 |
|
|
|a RU
|
| 105 |
|
|
|a a g 001zy
|
| 200 |
1 |
|
|a Защита от гамма-излучения продуктов деления
|e справочник
|f Н. Г. Гусев
|
| 210 |
|
|
|a Москва
|c Атомиздат
|d 1968
|
| 215 |
|
|
|a 388 с.
|c ил.
|
| 320 |
|
|
|a Библиогр.: с. 384-385.
|
| 606 |
1 |
|
|a Ядерные реакторы
|x Физика
|2 stltpush
|3 (RuTPU)RU\TPU\subj\21697
|9 46650
|
| 606 |
1 |
|
|a Атомное ядро
|x Продукты деления
|2 stltpush
|3 (RuTPU)RU\TPU\subj\29699
|9 52975
|
| 610 |
1 |
|
|a гамма-излучения
|
| 610 |
1 |
|
|a радиация
|
| 610 |
1 |
|
|a ионизирующие излучения
|
| 610 |
1 |
|
|a защита
|
| 610 |
1 |
|
|a расчеты
|
| 610 |
1 |
|
|a справочники
|
| 675 |
|
|
|a 621.039.58(035)
|v 3
|
| 675 |
|
|
|a 539.173.8(035)
|v 3
|
| 700 |
|
1 |
|a Гусев
|b Н. Г.
|g Николай Григорьевич
|
| 801 |
|
1 |
|a RU
|b 63413507
|c 20030416
|g PSBO
|
| 801 |
|
2 |
|a RU
|b 63413507
|c 20201008
|g PSBO
|
| 942 |
|
|
|c BK
|